000 00344nam a2200145Ia 4500
008 221030s9999 xx 000 0 und d
041 _aEnglish
082 _a105.23
_bBal
100 _aN. P. Bali
245 0 _aGolden Dynamics (Maths Series)
260 _bLaxmi Pub.
_aNew Delhi
_c1986
300 _a582
650 _aBE Mathematics
942 _cBK
999 _c953
_d953